| 000 | 00681nam a22001935i 4500 | ||
|---|---|---|---|
| 001 | 163603 | ||
| 003 | ES-MaACL | ||
| 005 | 20230906212756.0 | ||
| 008 | 990129s1878 ve |||| | spa d | ||
| 040 |
_aCCPB | B _bspa _cCCPB | B |
||
| 100 | 1 |
_aRivodo, B. _9131874 |
|
| 245 | 1 | 0 |
_aTratado de los compuestos castellanos / _cpor B. Rivodo. |
| 260 |
_aCaracas : _bFausto Teodoro de Aldrey, _c1878 ( _fImprenta de vapor de "La Opinión Nacional") |
||
| 300 |
_av. ; _c21 cm. |
||
| 505 | 8 | _aContiene: T. I. Latino-Castellana | |
| 597 | 1 | _aVol. I (335, VI p.) | |
| 650 | 4 |
_aLengua española- _xGramática. _914161 |
|
| 852 |
_aES-MaACL _jB-4457 _z-- Enc. tela _q-- Sólo parte primera |
||
| 999 |
_c163603 _d163603 |
||